Statistics for Countries with Volcano Deaths

Click here to take the quiz!

General Stats

  • This quiz has been taken 28,397 times
  • The average score is 10 of 15

Answer Stats

DeathsDeadliest incidentCountry% Correct
5,600Keanakakoi (1790)United States
95%
7,100Mt. Vesuvius (1631)Italy
94%
143,000Mt. Tambora (1815)Indonesia
92%
22,200Mt. Unzen (1792)Japan
90%
2,200El Chichón (1982)Mexico
88%
7,900Mt. Hibok-Hibok (1875)Philippines
74%
25,500Nevado del Ruiz (1985)Colombia
69%
1,900Mt. Ararat (1840)Turkey
64%
29,500Mt. Pelée (1902)France (Martinique)
60%
5,400Tungurahua (1640)Ecuador
59%
10,200Laki (1784)Iceland
56%
10,200Santa María (1902)Guatemala
55%
2,000San Cristóbal (1998)Nicaragua
52%
5,500Mt. Lamington (1951)Papua New Guinea
51%
30,000Ilopango (536)El Salvador
46%

Score Distribution

Percentile by Number Answered

Percent of People with Each Score

Your Score History

You have not taken this quiz